Tilastot visalle Euroopan fyysinen maantiede

Klikkaa tästä pelataksesi tätä visaa!

Yleistilastot

  • Tätä visaa on pelattu 524 kertaa
  • Keskiarvotulos 14 / 23

Vastaustilastot

VihjeVastaus% Oikein
Suurimmat saaretIrlanti
86%
Suomenlahti ja Pohjanlahti kuuluvat tähän mereenItämeri
86%
Suurimmat saaretIslanti
85%
Suurimmat saaretIso-Britannia
85%
Kahdeksan maan alueella sijaitseva vuoristoAlpit
84%
Ruotsin, Norjan ja Tanskan muodostama alueSkandinavia
82%
Euroopan ja Aasian erottavat vuoristotUral
82%
Pisimmät joetTonava
67%
Niemimaa, jossa Jugoslavia sijaitsiBalkan
65%
Suurimmat saaretSisilia
63%
Vuoristo Ranskan ja Espanjan välissäPyreneet
59%
Pisimmät joetVolga
56%
Norjan merkittävä arktinen saaristoHuippuvuoret
55%
Meri Italian itäpuolellaAdrianmeri
54%
Euroopan ja Aasian erottavat vuoristotKaukasus
50%
Suurimmat saaretSardinia
49%
Kostea turvetta muodostava ekosysteemiSuo
49%
Espanjan ja Portugalin jakama niemimaaPyreneiden niemimaa
48%
Tanskan suurin niemimaaJyllanti
47%
Meri Kreikan itäpuolellaEgeanmeri
45%
Merenlahti Espanjan ja Ranskan välissäBiskajanlahti
39%
Korkein vuoriElbrus
31%
Englannin lounaisosassa sijaitseva niemimaaCornwall
20%

Tulosjakauma

Persentiili vastausten määrän mukaan

Jokaisen tuloksen saaneiden osuus

Tuloshistoriasi

Et ole pelannut tätä visaa